Architectural design with sketchup : components-based modeling, plugins, rendering and scripting (Record no. 9456)

000 -LEADER
fixed length control field 00420nam a2200145 4500
003 - CONTROL NUMBER IDENTIFIER
control field OSt
005 - DATE AND TIME OF LATEST TRANSACTION
control field 20210623125755.0
008 - FIXED-LENGTH DATA ELEMENTS--GENERAL INFORMATION
fixed length control field 210623b ||||| |||| 00| 0 eng d
020 ## - INTERNATIONAL STANDARD BOOK NUMBER
International Standard Book Number 9781118978818
082 ## - DEWEY DECIMAL CLASSIFICATION NUMBER
Classification number 006.68
Item number ALE
100 ## - MAIN ENTRY--PERSONAL NAME
Personal name Alexander C. Schreyer
245 ## - TITLE STATEMENT
Title Architectural design with sketchup : components-based modeling, plugins, rendering and scripting
260 ## - PUBLICATION, DISTRIBUTION, ETC. (IMPRINT)
Place of publication, distribution, etc New jersey
Name of publisher, distributor, etc Wiley
Date of publication, distribution, etc 2016
942 ## - ADDED ENTRY ELEMENTS (KOHA)
Source of classification or shelving scheme
Holdings
Withdrawn status Lost status Source of classification or shelving scheme Damaged status Koha normalized classification for sorting Not for loan Permanent location Current location Date acquired Cost, normal purchase price Full call number Barcode Date last seen Price effective from Koha item type Public note
        006_000000000000000_68ALE   BMS College of Architecture, Design and Planning BMS College of Architecture, Design and Planning 2020-03-03 3890.46 006.68ALE CL-UG68714 2020-03-03 2020-03-03 UG Books from CL S-02
        006_680000000000000_ALE   BMS College of Architecture, Design and Planning BMS College of Architecture, Design and Planning 2021-06-23   006.68 ALE AR-UG2211 2021-06-23 2021-06-23 UG Books S-02
Copyright © 2025, The Librarian, Library and Information Centre, BMSCA D&P, Bengaluru. All Rights Reserved
web counter

Powered by Koha